Detektor pulzu
Uložené v:
| Hlavný autor: | |
|---|---|
| Ďalší autori: | |
| Médium: | Rukopis Kniha |
| Jazyk: | Slovak |
| Vydavateľské údaje: |
2015
|
| Predmet: | |
| On-line prístup: | http://is.stuba.sk/zp/portal_zp.pl?podrobnosti=97502 |
| Tagy: |
Žiadne tagy, Buďte prvý, kto otaguje tento záznam!
|
MARC
| LEADER | 00000ntm a22000003a 4500 | ||
|---|---|---|---|
| 001 | stuzp50988 | ||
| 003 | SK-STU | ||
| 005 | 20160719153725.3 | ||
| 007 | ta | ||
| 008 | 150427s2015----xo-----f-mn---000-0-slo-d | ||
| 040 | |a STU |b slo | ||
| 041 | 0 | |a slo | |
| 100 | 1 | |a Kögler, Pavol |u 033000 |4 aut |U FEI Fakulta elektrotechniky a informatiky |T FEI Ústav elektroniky a fotoniky |X 53362 |U E030 |Y 549 |7 53362 | |
| 242 | 0 | 1 | |a Pulse detector |y eng |
| 245 | 1 | 0 | |a Detektor pulzu |
| 260 | |c 2015 | ||
| 300 | |a 78 s., príl. |b CD-ROM | ||
| 650 | 4 | |a detektor |2 slo | |
| 650 | 4 | |a pulz |2 slo | |
| 650 | 4 | |a nízkoenergetické riešenie |2 slo | |
| 650 | 4 | |a šport |2 slo | |
| 650 | 4 | |a medicína |2 slo | |
| 650 | 4 | |a detector |2 eng | |
| 650 | 4 | |a low energy |2 eng | |
| 650 | 4 | |a medicine |2 eng | |
| 650 | 4 | |a sport |2 eng | |
| 650 | 4 | |a pulse |2 eng | |
| 700 | 1 | |a Daříček, Martin |4 ths |X 27484 |7 A000027484 | |
| 856 | 4 | |u http://is.stuba.sk/zp/portal_zp.pl?podrobnosti=97502 | |
| 996 | |b 284ER01625 |c E*Bc- 1625 |l EE33 |s P |a 0 |w stuzp50988_0001 | ||
| SQL | |a stuzp50988 |b DBP |c SLO |d Detektor pulzu |e 53362 |f Kögler, Pavol |g 033000 |h 27484 |i Daříček, Martin |j 20150707 |k 75 |l 03 |m http://is.stuba.sk/zp/portal_zp.pl?podrobnosti=97502 |n B-ELN |o 5.2.13. elektronika | ||